Sonetos amor y otros poemas / (Registro nro. 11683)

Detalles MARC
000 -LIDER
fixed length control field 00725nam a22002537a 4500
001 - NÚMERO DE CONTROL
Identificador de número de control 000598
003 - IDENTIFICACDOR DE NÚMERO DE CONTROL
control field DO-SdBNP
005 - DATE AND TIME OF LATEST TRANSACTION
control field 20230125094935.0
007 - CAMPOS FIJOS DE DESCRIPCIÓN FÍSICA
fixed length control field 000598
008 - ELEMENTOS DE LONGITUD FIJA
fixed length control field 161026b 2004 sp a||| 00| 0 spa d
020 ## - ISBN
International Standard Book Number 9875501298
040 ## - FUENTE DE CATALOGACIÓN
Agencia que crea de manera original el registro BPMSU
Idioma de catalogación spa
Agencia que realiza la transcripción BPMSU
082 #4 - NÚMERO DE CLASIFICACIÓN DECIMAL DE DEWEY
Classification number 861.3
Item number Q5s 2004
Edition number 22
100 1# - ASIENTO PRINCIPAL -- NOMBRE PERSONAL
Nombre personal Francisco Quevedo
245 10 - MENCIÓN DE TITULO
Título Sonetos amor y otros poemas /
Mención de responsabilidad Quevedo ; seleccion y prólogo Beatriz Stilman.
260 ## - PUBLICACIÓN, DISTRIBUCIÓN, ETC. (PIE DE IMPRENTA)
Lugar de publicación, distribución, etc Buenos Aires :
Nombre del editor, distribuidor, etc. Longseller,
Fecha de publicación, distribución, etc 2004.
300 ## - DESCRIPCIÓN FÍSICA
Extensión 267 p. ;
Dimensiones 18 cm.
490 0# - MENCIÓN DE SERIES
Mención de serie Clásico de siempre
590 ## - NOTA LOCAL
Enlace Inventariado, 2022/VM
650 #4 - ENCABEZAMIENTO DE MATERIA--TEMÁTICO
Término temático o nombre geográfico como elemento de entrada Poesía española
700 1# - ASIENTO SECUNDARIO -- NOMBRE PERSONAL
Nombre personal Stilman, Beatriz,
Mención de responsabilidad pról.
910 ## - VALIDACIÓN
Validación LOPEREZ/ VMateo V./Validado
942 ## - ADDED ENTRY ELEMENTS (KOHA)
Source of classification or shelving scheme Dewey Decimal Classification
Koha item type Libros
Existencias
Withdrawn status Lost status Source of classification or shelving scheme Damaged status Not for loan Collection code Home library Current library Date acquired Source of acquisition Full call number Barcode Date last seen Price effective from Koha item type
    Dewey Decimal Classification     Colección Juvenil General Biblioteca Pública Metropolitana Salomé Ureña Biblioteca Pública Metropolitana Salomé Ureña 10/26/2016 Sin sellar BPMSU CG 861.3 Q5p 2004 BPMSU16100377 10/26/2016 10/26/2016 Libros